[Event "DVM U20 2018"]
[Site "Osnabrück GER"]
[Date "2018.12.27"]
[Round "2"]
[White "Stemmler, Fabian"]
[Black "Wegmer, Leon"]
[Result "1-0"]
[Termination "normal"]
[Board "2.3"]
[WhiteElo "1972"]
[BlackElo "1892"]
[WhiteClock "00:29:23"]
[BlackClock "00:18:46"]
[WhiteTeam "SF Brackel"]
[BlackTeam "Karlsruher SF"]
[PlyCount "85"]
[WhiteFideId "12964808"]
[BlackFideId "12983748"]
[EventCountry "GER"]
[EventRounds "7"]
[EventType "team-swiss"]
[EventDate "2018.12.26"]

1. d4 {[%clk 1:30:57]} d5 {[%clk 1:30:56]} 2. Bf4 {[%clk 1:30:51]} Nf6 {[%clk
1:31:20]} 3. e3 {[%clk 1:31:13]} c5 {[%clk 1:31:48]} 4. c3 {[%clk 1:31:39]} Nc6
{[%clk 1:32:14]} 5. Nd2 {[%clk 1:32:02]} e6 {[%clk 1:32:39]} 6. Ngf3 {[%clk
1:32:26]} cxd4 {[%clk 1:33:04]} 7. exd4 {[%clk 1:32:49]} Nh5 {[%clk 1:31:28]}
8. Be3 {[%clk 1:29:59]} g6 9. Bd3 {[%clk 1:21:08]} Bd6 {[%clk 1:28:53]} 10. g3
{[%clk 1:21:22]} Bd7 {[%clk 1:27:59]} 11. Qe2 {[%clk 1:18:24]} a6 {[%clk
1:26:35]} 12. Bh6 {[%clk 1:04:55]} Rg8 13. Ne5 {[%clk 0:57:26]} Bxe5 {[%clk
1:18:47]} 14. dxe5 b5 {[%clk 0:57:41]} 15. O-O {[%clk 0:53:31]} Qc7 {[%clk
0:56:13]} 16. f4 {[%clk 0:46:32]} Qb6+ {[%clk 0:47:10]} 17. Kh1 {[%clk
0:46:33]} Bc8 {[%clk 0:44:40]} 18. a4 {[%clk 0:31:16]} b4 19. c4 {[%clk
0:27:03]} Bb7 {[%clk 0:37:31]} 20. cxd5 {[%clk 0:25:42]} Ne7 {[%clk 0:34:46]}
21. g4 {[%clk 0:23:49]} Ng7 {[%clk 0:33:10]} 22. Nc4 {[%clk 0:20:03]} Bxd5+
{[%clk 0:32:11]} 23. Be4 {[%clk 0:20:28]} Bxc4 {[%clk 0:32:25]} 24. Qxc4 {[%clk
0:20:53]} Rc8 {[%clk 0:32:28]} 25. Qe2 {[%clk 0:20:58]} Nd5 {[%clk 0:30:18]}
26. Rac1 {[%clk 0:18:58]} Rxc1 {[%clk 0:28:03]} 27. Rxc1 {[%clk 0:19:23]} Ke7
{[%clk 0:26:38]} 28. Qc2 {[%clk 0:10:53]} Ne3 {[%clk 0:25:21]} 29. Qc7+ {[%clk
0:09:39]} Qxc7 {[%clk 0:25:50]} 30. Rxc7+ {[%clk 0:10:01]} Kd8 {[%clk 0:26:08]}
31. Ra7 {[%clk 0:10:13]} Ne8 {[%clk 0:26:13]} 32. Bg5+ {[%clk 0:09:08]} Kc8
{[%clk 0:26:27]} 33. Rxf7 {[%clk 0:04:53]} Nxg4 {[%clk 0:26:13]} 34. Bb7+
{[%clk 0:05:07]} Kb8 {[%clk 0:26:14]} 35. Bxa6 h6 {[%clk 0:23:31]} 36. Rb7+
{[%clk 0:04:47]} Ka8 37. Be7 {[%clk 0:03:39]} Rg7 {[%clk 0:22:42]} 38. Rd7
{[%clk 0:03:28]} g5 39. Bb5 Nc7 {[%clk 0:18:02]} 40. Rxc7 {[%clk 0:01:19]} gxf4
{[%clk 0:18:26]} 41. h3 {[%clk 0:00:57]} Nf2+ {[%clk 0:18:51]} 42. Kh2 {[%clk
0:01:17]} Kb8 {[%clk 0:18:46]} 43. Rc2 {[%clk 0:29:23]} 1-0

[Event "DVM U20 2018"]
[Site "Osnabrück GER"]
[Date "2018.12.27"]
[Round "2"]
[White "Wiesner, Alexander"]
[Black "Gerlach, Felix"]
[Result "0-1"]
[Termination "normal"]
[Board "2.4"]
[WhiteElo "1939"]
[BlackElo "2050"]
[WhiteClock "00:14:12"]
[BlackClock "00:55:27"]
[WhiteTeam "Karlsruher SF"]
[BlackTeam "SF Brackel"]
[PlyCount "92"]
[WhiteFideId "12943991"]
[BlackFideId "12957690"]
[EventCountry "GER"]
[EventRounds "7"]
[EventType "team-swiss"]
[EventDate "2018.12.26"]

1. d4 {[%clk 1:30:54]} Nf6 {[%clk 1:30:56]} 2. c4 {[%clk 1:31:13]} g6 {[%clk
1:31:23]} 3. Nc3 {[%clk 1:31:32]} Bg7 {[%clk 1:31:50]} 4. e4 {[%clk 1:31:53]}
d6 {[%clk 1:32:16]} 5. f3 {[%clk 1:32:00]} O-O {[%clk 1:32:41]} 6. Be3 {[%clk
1:32:26]} c5 {[%clk 1:33:07]} 7. Nge2 {[%clk 1:29:34]} Nc6 {[%clk 1:33:30]} 8.
Qd2 {[%clk 1:26:36]} Qa5 {[%clk 1:32:42]} 9. d5 {[%clk 1:19:22]} Ne5 {[%clk
1:32:58]} 10. Ng3 {[%clk 1:19:44]} h5 {[%clk 1:31:09]} 11. Be2 {[%clk 1:09:45]}
h4 {[%clk 1:26:54]} 12. Nf1 {[%clk 1:10:08]} e6 {[%clk 1:26:28]} 13. h3 {[%clk
0:56:58]} exd5 {[%clk 1:26:37]} 14. Nxd5 {[%clk 0:56:11]} Qxd2+ {[%clk
1:26:33]} 15. Nxd2 {[%clk 0:56:22]} Nxd5 {[%clk 1:26:54]} 16. cxd5 {[%clk
0:55:28]} f5 {[%clk 1:26:13]} 17. Bg5 {[%clk 0:47:57]} Nf7 {[%clk 1:21:33]} 18.
Bxh4 {[%clk 0:47:10]} Bxb2 {[%clk 1:21:51]} 19. Rb1 {[%clk 0:47:10]} Bc3 {[%clk
1:21:42]} 20. Kd1 {[%clk 0:32:52]} Re8 {[%clk 1:19:03]} 21. Bb5 {[%clk
0:30:45]} Re5 {[%clk 1:12:36]} 22. f4 {[%clk 0:21:26]} Rxe4 {[%clk 1:12:20]}
23. Nxe4 {[%clk 0:21:49]} fxe4 {[%clk 1:12:44]} 24. Kc2 {[%clk 0:18:54]} Bd4
{[%clk 1:12:30]} 25. Bc4 {[%clk 0:18:15]} Rb8 {[%clk 1:05:59]} 26. Ba6 {[%clk
0:14:30]} e3 {[%clk 0:57:23]} 27. g4 {[%clk 0:14:19]} b6 {[%clk 0:52:08]} 28.
Bxc8 {[%clk 0:14:43]} Rxc8 {[%clk 0:52:36]} 29. Kd3 {[%clk 0:14:32]} Kg7 {[%clk
0:52:00]} 30. Bg3 {[%clk 0:08:00]} Re8 {[%clk 0:51:23]} 31. Rh2 {[%clk
0:07:30]} g5 {[%clk 0:50:29]} 32. fxg5 {[%clk 0:04:25]} Nxg5 {[%clk 0:50:23]}
33. Bf4 {[%clk 0:02:29]} Ne4 {[%clk 0:49:31]} 34. Re1 {[%clk 0:02:03]} Nf2+
{[%clk 0:48:22]} 35. Ke2 {[%clk 0:02:17]} c4 {[%clk 0:47:40]} 36. Bxd6 {[%clk
0:01:41]} Rd8 {[%clk 0:47:20]} 37. Ba3 {[%clk 0:01:29]} Rxd5 {[%clk 0:45:57]}
38. Bc1 {[%clk 0:00:41]} Be5 {[%clk 0:30:59]} 39. Rg2 {[%clk 0:00:50]} Nd3
{[%clk 0:31:12]} 40. Rf1 {[%clk 0:00:54]} Nf4+ {[%clk 0:31:25]} 41. Rxf4 {[%clk
0:27:38]} Bxf4 {[%clk 1:02:18]} 42. h4 {[%clk 0:20:21]} c3 {[%clk 0:59:20]} 43.
Kf3 {[%clk 0:19:41]} Rd2 {[%clk 0:56:29]} 44. Rg1 {[%clk 0:13:56]} Rf2+ {[%clk
0:55:45]} 45. Ke4 {[%clk 0:14:14]} e2 {[%clk 0:55:03]} 46. Bxf4 {[%clk
0:14:12]} Rf1 {[%clk 0:55:27]} 0-1

[Event "DVM U20 2018"]
[Site "Osnabrück GER"]
[Date "2018.12.27"]
[Round "2"]
[White "Wastian, Jan"]
[Black "Fidlin, Simon"]
[Result "1/2-1/2"]
[Termination "normal"]
[Board "2.5"]
[WhiteElo "1924"]
[BlackElo "1893"]
[WhiteClock "00:36:17"]
[BlackClock "00:58:09"]
[WhiteTeam "SF Brackel"]
[BlackTeam "Karlsruher SF"]
[PlyCount "41"]
[WhiteFideId "12911640"]
[BlackFideId "16217535"]
[EventCountry "GER"]
[EventRounds "7"]
[EventType "team-swiss"]
[EventDate "2018.12.26"]

1. e4 {[%clk 1:30:54]} c5 {[%clk 1:30:55]} 2. c3 {[%clk 1:31:19]} Nf6 {[%clk
1:31:21]} 3. e5 {[%clk 1:31:43]} Nd5 {[%clk 1:31:45]} 4. d4 {[%clk 1:32:06]}
cxd4 {[%clk 1:32:09]} 5. Nf3 {[%clk 1:32:15]} d6 {[%clk 1:30:47]} 6. cxd4
{[%clk 1:32:30]} g6 7. Nc3 {[%clk 1:22:29]} Nxc3 {[%clk 1:28:59]} 8. bxc3 Bg7
9. Bf4 O-O 10. Be2 dxe5 11. Bxe5 f6 12. Bg3 Be6 {[%clk 1:13:42]} 13. O-O {[%clk
1:06:17]} Nc6 14. Qa4 {[%clk 0:54:27]} Rc8 {[%clk 1:10:28]} 15. Rab1 {[%clk
0:52:06]} Na5 {[%clk 1:07:56]} 16. Qa3 {[%clk 0:49:16]} b6 {[%clk 1:04:43]} 17.
Ba6 {[%clk 0:46:18]} Rc6 {[%clk 1:02:36]} 18. Rfe1 {[%clk 0:41:31]} Kf7 {[%clk
0:58:48]} 19. Bb5 {[%clk 0:38:42]} Rc8 {[%clk 0:58:11]} 20. Ba6 {[%clk
0:37:36]} Rc6 {[%clk 0:58:09]} 21. Bb5 {[%clk 0:36:17]} 1/2-1/2

[Event "DVM U20 2018"]
[Site "Osnabrück GER"]
[Date "2018.12.27"]
[Round "2"]
[White "Grining, Maria"]
[Black "Elier, Ali"]
[Result "0-1"]
[Termination "normal"]
[Board "2.6"]
[WhiteElo "1618"]
[BlackElo "1989"]
[WhiteClock "00:05:35"]
[BlackClock "00:29:05"]
[WhiteTeam "Karlsruher SF"]
[BlackTeam "SF Brackel"]
[PlyCount "146"]
[WhiteFideId "16235037"]
[BlackFideId "16217543"]
[EventCountry "GER"]
[EventRounds "7"]
[EventType "team-swiss"]
[EventDate "2018.12.26"]

1. d4 d5 2. Nf3 Nf6 3. e3 e6 4. c4 c5 5. Nc3 a6 6. a3 Nc6 7. Be2 dxc4 8. Bxc4
b5 9. Be2 Ra7 10. dxc5 Qxd1+ 11. Bxd1 Bxc5 12. b4 Bd6 13. Bc2 Rc7 {[%clk
1:14:57]} 14. Ne4 {[%clk 1:08:04]} Nxe4 {[%clk 1:00:22]} 15. Bxe4 {[%clk
1:08:24]} Bb7 {[%clk 1:00:29]} 16. Nd2 {[%clk 0:57:58]} Be5 {[%clk 0:54:50]}
17. Rb1 {[%clk 0:57:54]} Ke7 {[%clk 0:54:34]} 18. Ke2 {[%clk 0:55:08]} Rd8
{[%clk 0:52:49]} 19. Bb2 {[%clk 0:49:23]} Bxb2 {[%clk 0:48:08]} 20. Rxb2 {[%clk
0:49:46]} Ne5 {[%clk 0:47:55]} 21. Bxb7 {[%clk 0:47:42]} Rxb7 {[%clk 0:48:19]}
22. Rc2 {[%clk 0:44:51]} Rbd7 {[%clk 0:48:13]} 23. Ra1 {[%clk 0:36:49]} Rd3
{[%clk 0:43:57]} 24. Ne4 {[%clk 0:33:20]} Nc4 {[%clk 0:38:25]} 25. Nc5 {[%clk
0:30:04]} Rxa3 {[%clk 0:31:09]} 26. Rxa3 {[%clk 0:26:01]} Nxa3 {[%clk 0:31:34]}
27. Ra2 {[%clk 0:25:28]} Nc4 {[%clk 0:29:51]} 28. Rxa6 {[%clk 0:24:55]} Rd2+
{[%clk 0:29:41]} 29. Ke1 {[%clk 0:21:51]} Rb2 {[%clk 0:29:54]} 30. Nd3 {[%clk
0:20:33]} Rb3 {[%clk 0:30:00]} 31. Ke2 {[%clk 0:19:41]} Nb2 {[%clk 0:30:20]}
32. Ne5 {[%clk 0:18:58]} Nc4 {[%clk 0:25:22]} 33. Nd3 {[%clk 0:18:56]} Kf6
{[%clk 0:25:04]} 34. h4 {[%clk 0:12:00]} Ne5 {[%clk 0:24:53]} 35. Nf4 {[%clk
0:12:09]} Rb2+ {[%clk 0:23:02]} 36. Ke1 {[%clk 0:11:56]} h6 {[%clk 0:22:19]}
37. Rb6 {[%clk 0:08:49]} g5 38. Nd5+ {[%clk 0:08:02]} Kg7 {[%clk 0:22:10]} 39.
Nc3 {[%clk 0:06:34]} Nd3+ {[%clk 0:22:35]} 40. Kf1 {[%clk 0:05:26]} Rxf2+
{[%clk 0:19:14]} 41. Kg1 {[%clk 0:05:49]} Rc2 {[%clk 0:19:13]} 42. Nxb5 {[%clk
0:03:25]} Nxb4 {[%clk 0:19:12]} 43. Nd4 {[%clk 0:02:56]} Rc1+ {[%clk 0:18:23]}
44. Kh2 {[%clk 0:03:11]} Nd5 {[%clk 0:18:36]} 45. Rb3 {[%clk 0:02:03]} Kg6
{[%clk 0:14:49]} 46. Nf3 {[%clk 0:01:15]} f6 {[%clk 0:14:30]} 47. Nd4 {[%clk
0:30:28]} e5 48. Nf3 {[%clk 0:30:09]} g4 {[%clk 0:44:41]} 49. Nd2 {[%clk
0:29:38]} Rc2 {[%clk 0:44:53]} 50. Nf1 {[%clk 0:27:21]} Re2 {[%clk 0:44:32]}
51. Rd3 {[%clk 0:27:06]} Ne7 {[%clk 0:38:54]} 52. Ng3 {[%clk 0:24:58]} Re1
{[%clk 0:39:16]} 53. e4 {[%clk 0:24:17]} Kf7 {[%clk 0:36:06]} 54. Rd7 {[%clk
0:23:45]} Ke6 {[%clk 0:36:10]} 55. Rd8 {[%clk 0:23:43]} f5 {[%clk 0:33:13]} 56.
exf5+ {[%clk 0:21:49]} Nxf5 {[%clk 0:33:01]} 57. Rh8 {[%clk 0:21:54]} e4 {[%clk
0:31:46]} 58. Nxf5 {[%clk 0:18:04]} Kxf5 {[%clk 0:32:06]} 59. Rf8+ {[%clk
0:17:51]} Ke5 {[%clk 0:31:32]} 60. Kg3 {[%clk 0:16:20]} e3 {[%clk 0:30:11]} 61.
Kxg4 {[%clk 0:15:16]} Ke4 {[%clk 0:30:10]} 62. Kg3 {[%clk 0:13:03]} Kd3 {[%clk
0:28:38]} 63. Rf6 {[%clk 0:07:36]} Ra1 {[%clk 0:28:50]} 64. Re6 {[%clk
0:06:28]} e2 {[%clk 0:28:24]} 65. Rd6+ {[%clk 0:04:58]} Kc4 {[%clk 0:28:25]}
66. Re6 {[%clk 0:05:15]} e1=Q+ {[%clk 0:28:45]} 67. Rxe1 {[%clk 0:05:33]} Rxe1
{[%clk 0:29:10]} 68. Kg4 {[%clk 0:06:00]} Kd4 {[%clk 0:28:57]} 69. Kh5 {[%clk
0:06:19]} Ke5 {[%clk 0:27:50]} 70. g4 {[%clk 0:05:18]} Rg1 {[%clk 0:28:11]} 71.
Kxh6 {[%clk 0:05:04]} Rxg4 {[%clk 0:28:36]} 72. h5 {[%clk 0:05:23]} Kf6 {[%clk
0:28:53]} 73. Kh7 {[%clk 0:05:35]} Rh4 {[%clk 0:29:05]} 0-1

[Event "DVM U20 2018"]
[Site "Osnabrück GER"]
[Date "2018.12.27"]
[Round "2"]
[White "Beeck, Mats"]
[Black "Poghosyan, Tigran"]
[Result "1/2-1/2"]
[Termination "normal"]
[Board "3.2"]
[WhiteElo "2126"]
[BlackElo "2187"]
[WhiteClock "00:52:49"]
[BlackClock "01:05:50"]
[WhiteTeam "SK Doppelbauer Kiel"]
[BlackTeam "Lübecker SV"]
[PlyCount "47"]
[WhiteFideId "12936944"]
[BlackFideId "12909319"]
[EventCountry "GER"]
[EventRounds "7"]
[EventType "team-swiss"]
[EventDate "2018.12.26"]

1. d4 {[%clk 1:30:51]} Nf6 {[%clk 1:30:55]} 2. c4 {[%clk 1:31:15]} g6 {[%clk
1:31:21]} 3. Nc3 {[%clk 1:31:35]} d5 {[%clk 1:31:42]} 4. cxd5 {[%clk 1:31:35]}
Nxd5 {[%clk 1:32:07]} 5. e4 {[%clk 1:31:59]} Nxc3 {[%clk 1:32:30]} 6. bxc3
{[%clk 1:32:18]} Bg7 {[%clk 1:32:49]} 7. Be3 {[%clk 1:32:35]} c5 {[%clk
1:31:44]} 8. Rc1 {[%clk 1:32:54]} Qa5 {[%clk 1:29:46]} 9. Qd2 {[%clk 1:33:14]}
cxd4 {[%clk 1:29:58]} 10. cxd4 {[%clk 1:33:37]} Qxd2+ {[%clk 1:30:23]} 11. Bxd2
{[%clk 1:32:00]} O-O {[%clk 1:29:40]} 12. Nf3 {[%clk 1:30:35]} Bg4 {[%clk
1:26:06]} 13. Be3 {[%clk 1:30:44]} Bxf3 {[%clk 1:24:08]} 14. gxf3 {[%clk
1:31:10]} Nc6 {[%clk 1:24:32]} 15. d5 {[%clk 1:30:54]} Nd4 {[%clk 1:24:38]} 16.
Rc7 {[%clk 1:21:00]} e6 {[%clk 1:08:44]} 17. dxe6 {[%clk 1:04:42]} Nxe6 {[%clk
1:09:01]} 18. Rxb7 {[%clk 1:05:04]} Rfb8 {[%clk 1:09:25]} 19. Rxb8+ {[%clk
1:03:06]} Rxb8 {[%clk 1:09:48]} 20. Bd3 {[%clk 1:03:31]} Bc3+ {[%clk 1:07:13]}
21. Kf1 {[%clk 1:01:36]} Bd4 {[%clk 1:05:40]} 22. Bxd4 {[%clk 0:55:40]} Nxd4
{[%clk 1:05:50]} 23. Kg2 {[%clk 0:56:04]} Rb2 24. Bc4 {[%clk 0:52:49]} 1/2-1/2

[Event "DVM U20 2018"]
[Site "Osnabrück GER"]
[Date "2018.12.27"]
[Round "2"]
[White "Bosselmann, Tom Linus"]
[Black "Arndt, Magnus"]
[Result "0-1"]
[Termination "normal"]
[Board "3.3"]
[WhiteElo "2057"]
[BlackElo "2167"]
[WhiteClock "00:10:07"]
[BlackClock "00:02:23"]
[WhiteTeam "Lübecker SV"]
[BlackTeam "SK Doppelbauer Kiel"]
[PlyCount "130"]
[WhiteFideId "12983845"]
[BlackFideId "12998656"]
[EventCountry "GER"]
[EventRounds "7"]
[EventType "team-swiss"]
[EventDate "2018.12.26"]

1. Nf3 {[%clk 1:30:55]} Nf6 {[%clk 1:30:52]} 2. c4 {[%clk 1:31:13]} e6 {[%clk
1:31:13]} 3. g3 {[%clk 1:31:04]} d5 {[%clk 1:31:38]} 4. b3 {[%clk 1:30:55]} Be7
{[%clk 1:30:51]} 5. Bg2 {[%clk 1:30:48]} O-O {[%clk 1:29:55]} 6. O-O {[%clk
1:30:41]} Nbd7 {[%clk 1:25:49]} 7. Bb2 {[%clk 1:30:26]} c6 {[%clk 1:26:01]} 8.
Nc3 {[%clk 1:29:09]} b6 {[%clk 1:25:43]} 9. e3 {[%clk 1:27:14]} Ba6 {[%clk
1:20:13]} 10. d3 {[%clk 1:25:09]} Re8 {[%clk 1:14:58]} 11. Qc2 {[%clk 1:21:31]}
e5 {[%clk 1:10:12]} 12. Rfd1 {[%clk 1:17:23]} Rc8 {[%clk 1:06:11]} 13. Rac1
{[%clk 1:05:46]} Qc7 {[%clk 1:01:44]} 14. Qb1 {[%clk 1:03:23]} Qb8 {[%clk
1:00:48]} 15. Qa1 {[%clk 0:53:27]} Bb7 {[%clk 0:42:13]} 16. Rd2 {[%clk
0:34:29]} a6 {[%clk 0:28:14]} 17. Ne2 {[%clk 0:19:51]} Bd6 {[%clk 0:25:18]} 18.
Nh4 {[%clk 0:18:10]} Bf8 {[%clk 0:21:05]} 19. f4 {[%clk 0:15:42]} exf4 {[%clk
0:19:07]} 20. exf4 {[%clk 0:15:54]} c5 {[%clk 0:13:26]} 21. Re1 {[%clk
0:11:23]} d4 {[%clk 0:13:18]} 22. h3 {[%clk 0:10:40]} Bxg2 {[%clk 0:12:08]} 23.
Nxg2 {[%clk 0:10:38]} Re7 {[%clk 0:11:22]} 24. Qd1 {[%clk 0:09:10]} Rce8 {[%clk
0:09:07]} 25. Kh2 {[%clk 0:08:39]} h5 {[%clk 0:07:09]} 26. Kh1 {[%clk 0:06:31]}
g6 {[%clk 0:04:25]} 27. Bc1 {[%clk 0:06:14]} Qc8 {[%clk 0:03:29]} 28. Kh2
{[%clk 0:06:24]} Nb8 {[%clk 0:03:20]} 29. Ng1 {[%clk 0:05:26]} Rxe1 {[%clk
0:02:27]} 30. Nxe1 {[%clk 0:05:53]} Nc6 {[%clk 0:02:42]} 31. Re2 {[%clk
0:05:36]} Bd6 {[%clk 0:02:30]} 32. Nef3 {[%clk 0:05:39]} Qd7 {[%clk 0:01:24]}
33. Qe1 {[%clk 0:04:44]} Kf8 {[%clk 0:00:53]} 34. Ne5 {[%clk 0:04:37]} Qc8
{[%clk 0:00:48]} 35. Ngf3 {[%clk 0:05:01]} Nd7 {[%clk 0:00:39]} 36. Kg2 {[%clk
0:03:52]} Kg8 {[%clk 0:00:36]} 37. Kg1 {[%clk 0:02:48]} Bxe5 {[%clk 0:00:50]}
38. Nxe5 {[%clk 0:03:03]} Ndxe5 {[%clk 0:01:09]} 39. fxe5 {[%clk 0:03:20]} Qxh3
{[%clk 0:01:31]} 40. Bf4 {[%clk 0:03:09]} Qe6 {[%clk 0:01:42]} 41. Re4 {[%clk
0:01:15]} Qf5 {[%clk 0:22:12]} 42. Qe2 {[%clk 0:30:32]} Re6 {[%clk 0:19:57]}
43. Kg2 {[%clk 0:29:22]} Qg4 {[%clk 0:12:21]} 44. Qd2 {[%clk 0:26:21]} Qf5
{[%clk 0:10:55]} 45. Qe2 {[%clk 0:26:41]} Nb8 {[%clk 0:08:56]} 46. Qf3 {[%clk
0:21:04]} Nd7 {[%clk 0:07:50]} 47. Qe2 {[%clk 0:20:18]} Kf8 {[%clk 0:04:26]}
48. Bh6+ {[%clk 0:19:53]} Ke8 {[%clk 0:04:49]} 49. Bg7 {[%clk 0:19:58]} f6
{[%clk 0:03:33]} 50. exf6 {[%clk 0:18:32]} Rxe4 {[%clk 0:04:02]} 51. dxe4
{[%clk 0:16:09]} Qe6 {[%clk 0:04:23]} 52. f7+ {[%clk 0:12:15]} Qxf7 {[%clk
0:02:03]} 53. Bh6 {[%clk 0:12:00]} Nf6 {[%clk 0:02:01]} 54. Qf3 {[%clk
0:10:08]} Nh7 {[%clk 0:01:11]} 55. Bf4 {[%clk 0:10:16]} g5 {[%clk 0:01:18]} 56.
Bd2 {[%clk 0:10:09]} Qxf3+ {[%clk 0:01:43]} 57. Kxf3 {[%clk 0:10:38]} Kf7
{[%clk 0:01:32]} 58. a4 {[%clk 0:09:38]} a5 {[%clk 0:01:35]} 59. e5 {[%clk
0:09:54]} Ke6 {[%clk 0:01:55]} 60. Ke4 {[%clk 0:10:16]} h4 {[%clk 0:02:11]} 61.
gxh4 {[%clk 0:10:17]} gxh4 {[%clk 0:02:37]} 62. Bf4 {[%clk 0:10:14]} Nf8 {[%clk
0:02:11]} 63. Bd2 {[%clk 0:09:14]} Ng6 {[%clk 0:02:01]} 64. Be1 {[%clk
0:09:40]} h3 {[%clk 0:02:27]} 65. Bg3 {[%clk 0:10:07]} Nxe5 {[%clk 0:02:23]}
0-1

[Event "DVM U20 2018"]
[Site "Osnabrück GER"]
[Date "2018.12.27"]
[Round "2"]
[White "Wanner, Lukas"]
[Black "Rietschel, Tilo"]
[Result "1-0"]
[Termination "normal"]
[Board "3.4"]
[WhiteElo "2037"]
[BlackElo "1916"]
[WhiteClock "00:04:04"]
[BlackClock "00:01:30"]
[WhiteTeam "SK Doppelbauer Kiel"]
[BlackTeam "Lübecker SV"]
[PlyCount "71"]
[WhiteFideId "12918148"]
[BlackFideId "16208390"]
[EventCountry "GER"]
[EventRounds "7"]
[EventType "team-swiss"]
[EventDate "2018.12.26"]

1. c4 {[%clk 1:30:58]} e5 {[%clk 1:30:56]} 2. g3 {[%clk 1:31:18]} Nf6 {[%clk
1:31:21]} 3. Bg2 {[%clk 1:31:39]} Nc6 {[%clk 1:31:31]} 4. Nc3 {[%clk 1:31:46]}
Bc5 {[%clk 1:31:26]} 5. Nf3 {[%clk 1:31:47]} O-O {[%clk 1:31:04]} 6. Nxe5
{[%clk 1:30:38]} Bxf2+ {[%clk 1:24:23]} 7. Kxf2 {[%clk 1:31:01]} Nxe5 {[%clk
1:24:50]} 8. d3 {[%clk 1:23:29]} c6 {[%clk 1:14:39]} 9. h3 {[%clk 1:18:49]}
Qb6+ {[%clk 1:14:16]} 10. e3 {[%clk 1:18:18]} d6 {[%clk 0:59:36]} 11. Na4
{[%clk 0:59:11]} Qa6 {[%clk 0:58:19]} 12. b3 {[%clk 0:58:58]} b5 {[%clk
0:53:14]} 13. Nb2 {[%clk 0:48:20]} bxc4 {[%clk 0:38:30]} 14. Nxc4 {[%clk
0:47:51]} Nxc4 {[%clk 0:35:44]} 15. dxc4 {[%clk 0:47:06]} Bf5 {[%clk 0:34:30]}
16. Bb2 {[%clk 0:46:06]} Nd7 {[%clk 0:28:29]} 17. Qxd6 {[%clk 0:44:51]} Rad8
{[%clk 0:28:18]} 18. Rhd1 {[%clk 0:43:33]} Qa5 {[%clk 0:24:15]} 19. Qa3 {[%clk
0:28:16]} Qc7 {[%clk 0:22:38]} 20. b4 {[%clk 0:27:02]} f6 {[%clk 0:19:41]} 21.
Qc3 {[%clk 0:13:01]} Ne5 {[%clk 0:18:41]} 22. e4 {[%clk 0:12:31]} Be6 {[%clk
0:18:56]} 23. c5 {[%clk 0:12:04]} Rd7 {[%clk 0:13:06]} 24. Bf1 {[%clk 0:09:32]}
h5 {[%clk 0:08:42]} 25. h4 {[%clk 0:07:38]} Ng4+ {[%clk 0:07:16]} 26. Kg2
{[%clk 0:07:56]} f5 {[%clk 0:06:49]} 27. Bc4 {[%clk 0:06:41]} Bxc4 {[%clk
0:07:05]} 28. Qxc4+ {[%clk 0:07:09]} Kh8 {[%clk 0:07:28]} 29. Rxd7 {[%clk
0:04:18]} Qxd7 {[%clk 0:06:16]} 30. Re1 {[%clk 0:03:38]} fxe4 {[%clk 0:06:09]}
31. Bd4 {[%clk 0:04:02]} Qf5 {[%clk 0:01:43]} 32. Rf1 {[%clk 0:03:23]} Qxf1+
{[%clk 0:02:11]} 33. Qxf1 {[%clk 0:03:52]} Rxf1 {[%clk 0:02:32]} 34. Kxf1
{[%clk 0:04:19]} Kg8 {[%clk 0:02:36]} 35. b5 {[%clk 0:03:40]} Kf7 {[%clk
0:01:30]} 36. b6 {[%clk 0:04:04]} 1-0

[Event "DVM U20 2018"]
[Site "Osnabrück GER"]
[Date "2018.12.27"]
[Round "2"]
[White "Dörp, Max Marian"]
[Black "Rieper, Julian"]
[Result "0-1"]
[Termination "normal"]
[Board "3.5"]
[WhiteElo "1766"]
[BlackElo "2058"]
[WhiteClock "00:14:41"]
[BlackClock "00:09:41"]
[WhiteTeam "Lübecker SV"]
[BlackTeam "SK Doppelbauer Kiel"]
[PlyCount "66"]
[WhiteFideId "12983551"]
[BlackFideId "12936960"]
[EventCountry "GER"]
[EventRounds "7"]
[EventType "team-swiss"]
[EventDate "2018.12.26"]

1. Nf3 {[%clk 1:30:58]} d5 {[%clk 1:30:39]} 2. c4 {[%clk 1:31:21]} c6 {[%clk
1:30:45]} 3. b3 {[%clk 1:31:32]} Nf6 {[%clk 1:30:50]} 4. e3 {[%clk 1:31:19]}
Bf5 {[%clk 1:30:33]} 5. Bb2 {[%clk 1:31:24]} Nbd7 {[%clk 1:30:24]} 6. Be2
{[%clk 1:31:02]} Qc7 {[%clk 1:29:38]} 7. d4 {[%clk 1:30:42]} e6 {[%clk
1:28:43]} 8. O-O {[%clk 1:30:19]} h6 {[%clk 1:28:48]} 9. Nc3 {[%clk 1:28:21]}
Rd8 {[%clk 1:26:06]} 10. cxd5 {[%clk 1:26:16]} exd5 {[%clk 1:25:22]} 11. Rc1
{[%clk 1:18:48]} Qb8 {[%clk 1:24:48]} 12. a3 {[%clk 1:13:08]} Bd6 {[%clk
1:23:22]} 13. b4 {[%clk 1:12:24]} a6 {[%clk 1:22:19]} 14. Qb3 {[%clk 1:09:17]}
O-O {[%clk 1:07:19]} 15. Rfe1 {[%clk 0:58:00]} Rfe8 {[%clk 1:02:32]} 16. a4
{[%clk 0:57:05]} b5 {[%clk 1:01:13]} 17. Ra1 {[%clk 0:56:08]} Nb6 {[%clk
0:59:32]} 18. axb5 {[%clk 0:54:58]} axb5 {[%clk 0:59:39]} 19. Ra6 Re7 {[%clk
0:41:22]} 20. Rea1 {[%clk 0:49:20]} Bc8 {[%clk 0:37:53]} 21. R6a2 {[%clk
0:48:19]} Rde8 {[%clk 0:35:55]} 22. h3 {[%clk 0:46:08]} Nc4 {[%clk 0:29:08]}
23. Bc1 {[%clk 0:38:42]} g5 {[%clk 0:25:30]} 24. Ne1 {[%clk 0:35:26]} Ne4
{[%clk 0:24:32]} 25. Nxe4 {[%clk 0:34:23]} Rxe4 {[%clk 0:24:54]} 26. Nd3 {[%clk
0:32:19]} Qc7 {[%clk 0:17:39]} 27. Ra7 {[%clk 0:25:10]} Qd8 {[%clk 0:17:24]}
28. Bh5 {[%clk 0:25:13]} Bc7 {[%clk 0:16:04]} 29. Bb2 {[%clk 0:18:58]} Rh4
{[%clk 0:14:07]} 30. Bf3 {[%clk 0:18:32]} g4 {[%clk 0:12:06]} 31. Be2 {[%clk
0:15:09]} gxh3 {[%clk 0:11:38]} 32. g3 {[%clk 0:14:51]} Bxg3 {[%clk 0:10:00]}
33. fxg3 {[%clk 0:14:41]} Qg5 {[%clk 0:09:41]} 0-1